Enseñanza de la escritura.

Shranjeno v:
Bibliografske podrobnosti
Glavni avtor: Andersen, Dan W. (autor)
Drugi avtorji: Pirk, Andrés, tr (autor) tr, (autor)
Format: Knjiga
Jezik:španščina
Serija:(Nueva pedagogía ; 4)
Teme:
Oznake: Označite
Brez oznak, prvi označite!

MARC

LEADER 00000nam^a2200000^u^4500
001 000510162
005 20250521000000.0
008 091203s1000^^^^^^^^^^^^r^^^^^000^0^spa^d
009 20260310130119.922
035 |a FCE 000054371 
037 |a Acervo ITESO - Biblioteca 
041 |a spa 
082 0 4 |a 371.308  |b N8 No.4 
100 |a Andersen, Dan W.  |e (autor) 
245 1 0 |a Enseñanza de la escritura. 
264 |a Buenos Aires :  |b Centro Regional de Ayuda Técnica : Librería del Colegio,  |c 1970. 
300 |a 39 p. 
336 |a texto  |b txt  |2 rdacontenido 
337 |a sin mediación  |b n  |2 rdamedio 
338 |a volumen  |b nc  |2 rdasoporte 
440 1 |a (Nueva pedagogía ; 4) 
649 |a XX 
650 |a Enseñanza de la escritura 
650 |a Escritura 
700 |a Pirk, Andrés,  |e tr  |e (autor) 
910 |a Fondo Centro de Estudios Educativos 
920 |a Impresos - Libros 
930 |a Fondos Especiales 
905 |a 133 
901 |a ALE067777  |b IT2  |c CEE  |u 20250521 
902 |a https://opac.biblio.iteso.mx/vufind/Record/000510162